Traditions & encounters : A global perspective on the past
Connect students to the stories of history. Connect students to the experience of history. Connect students to success in history. At McGraw-Hill, we have dedicated the past few years to deepening our understanding of student and instructor experience.
Guardat en:
| Autor principal: | |
|---|---|
| Format: | Llibre |
| Idioma: | Undetermined |
| Publicat: |
New York, N.Y.
McGraw-Hill
2011
|
| Matèries: | |
| Etiquetes: |
Afegir etiqueta
Sense etiquetes, Sigues el primer a etiquetar aquest registre!
|
| Thư viện lưu trữ: | Trung tâm Học liệu Trường Đại học Cần Thơ |
|---|
| LEADER | 00864nam a2200217Ia 4500 | ||
|---|---|---|---|
| 001 | CTU_207986 | ||
| 008 | 210402s9999 xx 000 0 und d | ||
| 020 | |c 12.32 | ||
| 082 | |a 909 | ||
| 082 | |b B477/Vol.2 | ||
| 100 | |a Bentley, Jerry H. | ||
| 245 | 0 | |a Traditions & encounters : | |
| 245 | 2 | |b A global perspective on the past | |
| 245 | 0 | |c Jerry H. Bentley, Herbert F. Ziegler | |
| 260 | |a New York, N.Y. | ||
| 260 | |b McGraw-Hill | ||
| 260 | |c 2011 | ||
| 520 | |a Connect students to the stories of history. Connect students to the experience of history. Connect students to success in history. At McGraw-Hill, we have dedicated the past few years to deepening our understanding of student and instructor experience. | ||
| 650 | |a World history,Lịch sử thế giới | ||
| 904 | |i Hải | ||
| 980 | |a Trung tâm Học liệu Trường Đại học Cần Thơ | ||